000 00542nam a22001697a 4500
005 20251108173029.0
008 250721s1992 xx 000 0 ara d
082 1 4 _a211.71/سلم
100 1 _aسلمان، فريد مصطفى
_eمؤلف
245 1 0 _aتفسير آيات الأحكام من سورتي الأنعام والأعراف /
264 1 _aعمان :
_bدار الفرقان،
_c1992.
300 _a259ص
650 1 7 _aالعلوم القرآنية
650 1 7 _aتفسير القرآن
942 _2ddc
_cBK
999 _c94427
_d94427